000 00765nam a2200229Ia 4500
003 OSt
005 20220925204349.0
006 a|||||r|||| 00| 0
007 ta
008 220923b |||||||| |||| 00| 0 eng d
020 _a9789211172072
037 _cGeneral Book
040 _aRTL
_cRTL
_beng
041 _2eng
_aeng
082 _aX:(G:55).4, Q9/UN
100 _aUNITED NATIONS ECONOMIC COMMISSION FOR EUROPE
_9268287
245 0 _aRevised guidelines on environmental impact assessment in a transboundary context for Central Asian countries
260 _aGeneva
_bUnited Nations
_c2019
300 _a27p
_ccm.
942 _hX:(G:55).4, Q9/UN
_cGB
_2CC
999 _c549216
_d549216